01447nam a2200373Ia 4500001001200000003000800012006001900020007001500039008004100054010001700095015001900112020001500131020001500146040002100161035002100182050002400203082001900227100001700246245008200263250001200345260004300357300002400400490007300424504006600497533015200563650003900715650003300754650002300787655002900810710001700839830007400856856012600930999001701056ebr10135425CaPaEBRm u cr cn|||||||||050110s2005 nyua sb 001 0 eng d z 2005040460 aGBA5465992bnb z1403976929 z1403968314 aCaPaEBRcCaPaEBR a(OCoLC)56046132114aQ127.J3bL69 2005eb04a338.952/062221 aLow, Morris.10aScience and the building of a new Japanh[electronic resource] /cMorris Low. a1st ed. aNew York :bPalgrave Macmillan,c2005. axiv, 259 p. :bill.1 aStudies of the Weatherhead East Asian Institute, Columbia University aIncludes bibliographical references (p. [201]-251) and index. aElectronic reproduction.bPalo Alto, Calif. :cebrary,d2009.nAvailable via World Wide Web.nAccess may be limited to ebrary affiliated libraries. 0aScience and statezJapanxHistory. 0aResearch, IndustrialzJapan. 0aPhysicistszJapan. 7aElectronic books.2local2 aebrary, Inc. 0aStudies of the Weatherhead East Asian Institute, Columbia University.40uhttp://site.ebrary.com/lib/rucke/Doc?id=10135425zAn electronic book accessible through the World Wide Web; click to view c85074d85074